000 00235nam a2200097Ia 4500
008 240331s9999 xx 000 0 und d
082 _a303.6
_bMAN
100 _aManikkalingam,R
245 0 _aPrudently negotiating a moral peace
942 _cL
999 _c1261
_d1261